000 01285cam a2200349 a 4500
999 _c29387
_d29358
001 15984871
003 EG-ScBUE
005 20210823110103.0
008 091116t2011 njua f b 001 0 eng d
020 _a9780136031918 (alk. paper)
020 _a0136031919 (alk. paper)
035 _a(OCoLC)ocn457155890
040 _aDLC
_beng
_erda
_cDLC
_dYDX
_dYDXCP
_dDLC
_dEG-ScBUE
082 0 4 _a743.4
_bGOL
_222
100 1 _aGoldstein, Nathan,
_eauthor.
245 1 0 _aFigure drawing :
_bthe structure, anatomy, and expressive design of human form /
_cNathan Goldstein ; foreword by Jack Beal.
250 _aSeventh edition.
264 1 _aNew Jersey :
_bPearson Education, Inc.,
_c[2011]
264 4 _cc2011
300 _axii, 354 pages :
_billustrations (some color) ;
_c28 cm
336 _2rdacontent
_atext
_btxt
337 _2rdamedia
_aunmediated
_bn
338 _2rdacarrier
_avolume
_bnc
504 _aIncludes bibliographical references and index.
650 7 _aFigure drawing
_xTechnique.
_2BUEsh
650 7 _aAnatomy, Artistic.
_2BUEsh
653 _bART
_cAugust2021
655 _vReading book
_934232
906 _a7
_bcbc
_corignew
_d1
_eecip
_f20
_gy-gencatlg
942 _2ddc
_cBB